Dokonalá smrť /
V kopcoch nad Edinburghom nájdu zamrznuté telo nahej dievčiny. V ten istý deň na druhom konci mesta zomrie bývalý hlavný inšpektor kriminálky George Begbie, ktorý len nedávno odišiel do dôchodku. Zdá sa, že spáchal samovraždu, no Ava Turnerová, ktorá nastúpila na jeho miesto, tomu nechce uveriť. Aký...
Uloženo v:
| Hlavní autor: | |
|---|---|
| Médium: | E-kniha |
| Jazyk: | Czech |
| Vydáno: |
Praha :
Albatros Media Slovakia s.r.o.,
2024
|
| Tagy: |
Žádné tagy |
| LEADER | 01532nam a22002297i 4500 | ||
|---|---|---|---|
| 001 | 312413 | ||
| 007 | ta | ||
| 008 | 260601s2024 xr ||||| |||| 00| 0 cze d | ||
| 020 | |a 9788056639689 | ||
| 044 | |a xr | ||
| 100 | 1 | |a Fieldsová, Helen |4 aut | |
| 245 | 1 | 0 | |a Dokonalá smrť / |c Fieldsová, Helen |
| 240 | 1 | 0 | |a Perfect Death |
| 264 | 1 | |a Praha : |b Albatros Media Slovakia s.r.o., |c 2024 | |
| 300 | |a 1 online zdroj (376 stran) | ||
| 336 | |a text |b txt |2 rdacontent | ||
| 337 | |a bez média |b n |2 rdamedia | ||
| 338 | |a online zdroj |b cr |2 rdacarrier | ||
| 520 | 2 | |a V kopcoch nad Edinburghom nájdu zamrznuté telo nahej dievčiny. V ten istý deň na druhom konci mesta zomrie bývalý hlavný inšpektor kriminálky George Begbie, ktorý len nedávno odišiel do dôchodku. Zdá sa, že spáchal samovraždu, no Ava Turnerová, ktorá nastúpila na jeho miesto, tomu nechce uveriť. Aký mohol mať dôvod? Detektívov Turnerovú a Callanacha čaká zložité vyšetrovanie, pri ktorom budú pokúšať hranice zákona. Opäť hrajú o čas, pretože vrah s nevinnou tvárou si už vyhliadol ďalšiu obeť. | |
| 910 | |a RBIT002 | ||
| 998 | |d 406014 |a https://core.palmknihy.cz/api/books/406014/cover?sefi9b |b https://core.palmknihy.cz/api/books/406014/cover/400?sefi9b |c https://core.palmknihy.cz/api/books/406014/cover/50?sefi9b |e 2028-07-13 |g 376 |i 9788056639689 |j https://core.palmknihy.cz/api/books/406014/preview.epub |k https://core.palmknihy.cz/api/books/406014/preview.pdf |l |q 49 |r 1 |s https://www.palmknihy.cz/kniha/406014 |t ebook |y 2024 |z 1 | ||
| 999 | |d 312411 | ||